ADMINISTRATION INFORMATION SYSTEMS, PEOPLE AND TECHNOLOGY (Record no. 574961)
[ view plain ]
| 000 -LEADER | |
|---|---|
| fixed length control field | 00408nam a22001337a 4500 |
| 020 ## - INTERNATIONAL STANDARD BOOK NUMBER | |
| International Standard Book Number | 0-534-06240-7 |
| 082 ## - DEWEY DECIMAL CLASSIFICATION NUMBER | |
| Classification number | 651.7 KEL'A |
| 100 ## - MAIN ENTRY--PERSONAL NAME | |
| Personal name | KELLER, THOMAS, SAVAGE, ERNEST N |
| 9 (RLIN) | 67114 |
| 245 ## - TITLE STATEMENT | |
| Title | ADMINISTRATION INFORMATION SYSTEMS, PEOPLE AND TECHNOLOGY |
| 260 ## - PUBLICATION, DISTRIBUTION, ETC. | |
| Place of publication, distribution, etc. | BOSTON |
| Name of publisher, distributor, etc. | KENT |
| Date of publication, distribution, etc. | 1986 |
| 300 ## - PHYSICAL DESCRIPTION | |
| Extent | 289P |
| 650 ## - SUBJECT ADDED ENTRY--TOPICAL TERM | |
| Topical term or geographic name entry element | OFFICE MANAGEMENT OFFICE PRACTICE MANAGEMENT INFORMATION SYSTEMS |
| 9 (RLIN) | 67115 |
| 942 ## - ADDED ENTRY ELEMENTS (KOHA) | |
| Koha item type | Book |
| Withdrawn status | Lost status | Damaged status | Not for loan | Permanent Location | Current Location | Shelving location | Date acquired | Total Checkouts | Full call number | Barcode | Date last seen | Price effective from | Koha item type |
|---|---|---|---|---|---|---|---|---|---|---|---|---|---|
| College of Electrical & Mechanical Engineering (CEME) | College of Electrical & Mechanical Engineering (CEME) | General Stacks | 08/01/2017 | 651.7 KEL'A | CEME-27415 | 06/28/2021 | 06/28/2021 | Book |
